| 000 | 00521 a2200193 4500 | ||
|---|---|---|---|
| 003 | OSt | ||
| 005 | 20180116182849.0 | ||
| 008 | 160830b xxu||||| |||| 00| 0 eng d | ||
| 020 | _a0705747 | ||
| 040 | _c0 | ||
| 082 | _a658.3125 WIL 1989 | ||
| 100 | _aPlanning Forms | ||
| 110 | _aPlanning Forms | ||
| 245 |
_aPerformance Excellence Planning _cPlanning Forms |
||
| 260 |
_aUSA _bVital Learning _c1989 |
||
| 300 |
_aIV 68 _bPB |
||
| 440 | _aPerformance Excellence Planning | ||
| 942 |
_aNBS _cBK _k658.3125 WIL 1989 _2ddc |
||
| 999 |
_c347439 _d347439 |
||